| 000 | 01166cam a22002894a 4500 | ||
|---|---|---|---|
| 001 | 15370299 | ||
| 005 | 20080806182111.0 | ||
| 008 | 080717s2008 maua |rb 001 0 eng | ||
| 010 | _a 2008274684 | ||
| 020 | _a9780205569076 (pbk.) | ||
| 020 | _a0205569072 (pbk.) | ||
| 040 |
_aDLC _cDLC |
||
| 050 | 0 | 0 |
_aHA32 _b.G458 2008 |
| 082 |
_222 _a300.727 _bGEO |
||
| 100 | 1 |
_aGeorge, Darren. _911464 |
|
| 245 | 1 | 0 |
_aSPSS for Windows Step by Step : _bA simple Guide and Reference, 15.0 update / _cDarren George, Paul Mallery. |
| 250 | _a8th ed. | ||
| 260 |
_aBoston : _bPearson/A and B, 2008 _cc2008. |
||
| 300 |
_aviii, 416 p. : _bill. ; _c28 cm. |
||
| 504 | _aIncludes bibliography:p.409-410 and index. | ||
| 630 | 0 | 0 |
_aSPSS for Windows. _911465 |
| 650 | 0 |
_aSocial sciences _xStatistical methods _xComputer programs. _911466 |
|
| 700 | 1 |
_aMallery, Paul. _911467 |
|
| 942 |
_2ddc _cBB |
||
| 999 |
_c10967 _d10967 |
||